000 00497nmm a2200169Ia 4500
008 251105s9999||||xx |||||||||||||||||und||
020 _a9788433999429
041 _aspa
100 _aEnriquez, Mariana
245 0 _aBajar es lo peor
264 _a[Madrid, España] :
_bEditorial Anagrama,
_c[Fecha de publicación no identificada]
300 _a0 páginas
490 _aNarrativas hispánicas
650 _aRomance
856 _uhttps://public.digitaliapublishing.com/a/117501
942 _cCF
999 _c82102
_d82102